| 000 | 01518cam a2200385 a 4500 | ||
|---|---|---|---|
| 001 | 12984939 | ||
| 003 | PILC | ||
| 005 | 20160112115647.0 | ||
| 008 | 021029s2003 nyu c 000 1 eng | ||
| 010 | _a 2002152662 | ||
| 020 | _a0060292903 | ||
| 020 | _a0060292911 (lib. bdg.) | ||
| 040 |
_aDLC _cDLC _dDLC |
||
| 042 | _alcac | ||
| 050 | 0 | 0 |
_aPZ 7 _b.C8615 2003 |
| 082 | 0 | 0 |
_aFIC _bC86 2003 |
| 100 | 1 |
_aCreech, Sharon. _94774 |
|
| 245 | 1 | 0 |
_aGranny torrelli makes soup _cSharon Creech. |
| 250 | _a1st ed. | ||
| 260 |
_a[New York] : _bJoanna Cotler Books, _cc2003. |
||
| 300 |
_a141 p. ; _c20 cm. |
||
| 520 | _aWith the help of her wise old grandmother, twelve-year-old Rosie manages to work out some problems in her relationship with her best friend, Bailey, the boy next door. | ||
| 650 | 1 |
_aGrandmothers _vFiction. _918092 |
|
| 650 | 1 |
_aItalian Americans _vFiction. _918093 |
|
| 650 | 1 |
_aBest friends _vFiction. _918094 |
|
| 650 | 1 |
_aBlind _vFiction. _918095 |
|
| 650 | 1 |
_aPeople with disabilities _vFiction. _918096 |
|
| 650 | 1 |
_aCooking _vFiction. _918097 |
|
| 856 | 4 | 2 |
_3Publisher description _uhttp://www.loc.gov/catdir/description/hc043/2002152662.html |
| 856 | 4 | 2 |
_3Contributor biographical information _uhttp://www.loc.gov/catdir/enhancements/fy0910/2002152662-b.html |
| 906 |
_a7 _bcbc _corignew _d1 _eecip _f20 _gy-gencatlg |
||
| 942 |
_2lcc _cBK |
||
| 999 |
_c37 _d37 |
||